Directive principles in the Indian Constitution, (Record no. 70533)

MARC details
000 -LEADER
fixed length control field 00761cam a22002411 4500
001 - CONTROL NUMBER
control field sa 66006461
003 - CONTROL NUMBER IDENTIFIER
control field DLC
005 - DATE AND TIME OF LATEST TRANSACTION
control field 20260227112256.0
008 - FIXED-LENGTH DATA ELEMENTS--GENERAL INFORMATION
fixed length control field 760526s1966 ii b 000 0 eng
010 ## - LIBRARY OF CONGRESS CONTROL NUMBER
LC control number sa 66006461
035 ## - SYSTEM CONTROL NUMBER
System control number (OCoLC)2195342
040 ## - CATALOGING SOURCE
Original cataloging agency DLC
Transcribing agency OClU
Modifying agency OCoLC
-- DLC
042 ## - AUTHENTICATION CODE
Authentication code premarc
050 00 - LIBRARY OF CONGRESS CALL NUMBER
Classification number KNS1895
Item number .M37 1966
082 ## - DEWEY DECIMAL CLASSIFICATION NUMBER
Classification number 342.5403
100 1# - MAIN ENTRY--PERSONAL NAME
Personal name Markandan, K. C.
245 10 - TITLE STATEMENT
Title Directive principles in the Indian Constitution,
Statement of responsibility, etc. by K. C. Markandan.
260 ## - PUBLICATION, DISTRIBUTION, ETC.
Place of publication, distribution, etc. Bombay,
-- New York,
Name of publisher, distributor, etc. Allied Publishers
Date of publication, distribution, etc. [1966]
300 ## - PHYSICAL DESCRIPTION
Extent xi, 447 p.
Dimensions 26 cm.
500 ## - GENERAL NOTE
General note Label mounted on t.p.: Sole distributors in the USA: Paragon Book Gallry, New York.
504 ## - BIBLIOGRAPHY, ETC. NOTE
Bibliography, etc. note Bibliography: p. 432-434.
650 #0 - SUBJECT ADDED ENTRY--TOPICAL TERM
Topical term or geographic name entry element Constitutional law
Geographic subdivision India.

No items available.

Powered by Koha